<?xml version="1.0" encoding="UTF-8"?><record xmlns="http://www.loc.gov/MARC21/slim" xmlns:zs="http://docs.oasis-open.org/ns/search-ws/sruResponse">
  <leader>03730nam a22004453i 4500</leader>
  <controlfield tag="001">22056135</controlfield>
  <controlfield tag="005">20250607105720.0</controlfield>
  <controlfield tag="006">m    |o  d |      </controlfield>
  <controlfield tag="007">cr |||||||||||</controlfield>
  <controlfield tag="008">210507s1500    fr |||||o|||||||| ||fre  </controlfield>
  <datafield ind1=" " ind2=" " tag="035">
    <subfield code="a">22056135</subfield>
  </datafield>
  <datafield ind1=" " ind2=" " tag="906">
    <subfield code="a">0</subfield>
    <subfield code="b">ibc</subfield>
    <subfield code="c">orignew</subfield>
    <subfield code="d">u</subfield>
    <subfield code="e">ncip</subfield>
    <subfield code="f">20</subfield>
    <subfield code="g">y-gencatlg</subfield>
  </datafield>
  <datafield ind1=" " ind2=" " tag="955">
    <subfield code="a">LCAP batch update 2025-06-02-04:00: LCAPM-988</subfield>
  </datafield>
  <datafield ind1=" " ind2=" " tag="010">
    <subfield code="a">  2021667085</subfield>
  </datafield>
  <datafield ind1=" " ind2=" " tag="035">
    <subfield code="a">(WDL)18397</subfield>
  </datafield>
  <datafield ind1=" " ind2=" " tag="040">
    <subfield code="a">DLC</subfield>
    <subfield code="b">eng</subfield>
    <subfield code="c">DLC</subfield>
  </datafield>
  <datafield ind1=" " ind2=" " tag="041">
    <subfield code="a">fre</subfield>
    <subfield code="a">lat</subfield>
  </datafield>
  <datafield ind1=" " ind2=" " tag="080">
    <subfield code="a">242</subfield>
  </datafield>
  <datafield ind1="0" ind2="0" tag="245">
    <subfield code="a">Book of Hours.</subfield>
  </datafield>
  <datafield ind1=" " ind2=" " tag="260">
    <subfield code="a">Paris :</subfield>
    <subfield code="b">Simon Vostre,</subfield>
    <subfield code="c">1500-04-25.</subfield>
  </datafield>
  <datafield ind1=" " ind2=" " tag="300">
    <subfield code="a">1 online resource.</subfield>
  </datafield>
  <datafield ind1=" " ind2=" " tag="336">
    <subfield code="a">text</subfield>
    <subfield code="b">txt</subfield>
    <subfield code="2">rdacontent</subfield>
  </datafield>
  <datafield ind1=" " ind2=" " tag="337">
    <subfield code="a">computer</subfield>
    <subfield code="b">c</subfield>
    <subfield code="2">rdamedia</subfield>
  </datafield>
  <datafield ind1=" " ind2=" " tag="338">
    <subfield code="a">online resource</subfield>
    <subfield code="b">cr</subfield>
    <subfield code="2">rdacarrier</subfield>
  </datafield>
  <datafield ind1=" " ind2=" " tag="500">
    <subfield code="a">Title devised, in English, by Library staff.</subfield>
  </datafield>
  <datafield ind1=" " ind2=" " tag="500">
    <subfield code="a">"This description of the work was written by Béatrice Hernad.|BSB Shelfmark: L.impr.membr. 38"--Note extracted from World Digital Library.</subfield>
  </datafield>
  <datafield ind1=" " ind2=" " tag="500">
    <subfield code="a">Original resource extent: 260 pages, parchment : illuminated, illustrated (metalcuts).</subfield>
  </datafield>
  <datafield ind1=" " ind2=" " tag="520">
    <subfield code="a">Philippe Pigouchet is one of the best-known Parisian printers of the later 15th and early 16th centuries. He produced numerous books between circa 1488 and 1515 and worked for various publishers, especially for Simon Vostre, who, apart from Antoine Vérard, was the most important publisher in Paris at that time. This fruitful cooperation produced, among other works, a number of richly illustrated books of hours, which were to play an important role in the evolution of printing in France. This precious book of hours was printed on parchment and lavishly decorated with metalcuts-a technique of illustration that Pigouchet himself pioneered-and adorned with initials painted in gold on a colored background. A four-sided border decorates each of the 12 calendar pages at the beginning of the book and all leaves containing text. In addition to grotesques, animal motifs, and floral ornaments, various iconographic cycles depicting, for example, the story of Joseph, the life of the Virgin Mary, the story of Susanna from the book of Daniel, the 15 signs preceding the Day of Judgement, the eight Sibyls, and a very extensive danse macabre are integrated into the borders. The small figures often stand out from a dotted background produced by decorating the metal plates with punched patterns. The borders, the smaller pictures scattered throughout the text, and the full-page illustrations were all designed between 1496 and 1498 by the Master of Anne de Bretagne, a prolific and successful artist who produced numerous designs not only for the illustration of books, but also for stained-glass windows and tapestries. Pigouchet's realization of the designs in the metalcuts is an artistic masterpiece. This edition is extremely rare: the Munich copy formerly belonged to the family Lalaing (or Lallaing) from northern France or Belgium and is one of only two known examples; the other, similarly printed on parchment, is preserved in the British Library in London.</subfield>
  </datafield>
  <datafield ind1="1" ind2=" " tag="535">
    <subfield code="3">Original resource at:</subfield>
    <subfield code="a">Bavarian State Library.</subfield>
  </datafield>
  <datafield ind1=" " ind2=" " tag="546">
    <subfield code="a">Content in French and Latin.</subfield>
  </datafield>
  <datafield ind1="0" ind2=" " tag="588">
    <subfield code="a">Description based on data extracted from World Digital Library, which may be extracted from partner institutions.</subfield>
  </datafield>
  <datafield ind1=" " ind2="0" tag="653">
    <subfield code="a">1500-04-25</subfield>
  </datafield>
  <datafield ind1=" " ind2="0" tag="653">
    <subfield code="a">Bible. New Testament</subfield>
    <subfield code="a">Bible. Old Testament</subfield>
    <subfield code="a">Books of hours</subfield>
    <subfield code="a">Illuminations</subfield>
    <subfield code="a">Miniatures (Illuminations)</subfield>
    <subfield code="a">Prayers</subfield>
    <subfield code="a">Psalms</subfield>
  </datafield>
  <datafield ind1=" " ind2=" " tag="720">
    <subfield code="a">Master of Anne of Brittany</subfield>
    <subfield code="e">Designer.</subfield>
  </datafield>
  <datafield ind1=" " ind2=" " tag="720">
    <subfield code="a">Pigouchet, Philippe, 1488-1515</subfield>
    <subfield code="e">Creator.</subfield>
  </datafield>
  <datafield ind1=" " ind2=" " tag="752">
    <subfield code="a">Belgium</subfield>
  </datafield>
  <datafield ind1=" " ind2=" " tag="752">
    <subfield code="a">France</subfield>
  </datafield>
  <datafield ind1="4" ind2="0" tag="856">
    <subfield code="d">gdcwdl</subfield>
    <subfield code="f">wdl_18397</subfield>
    <subfield code="u">https://hdl.loc.gov/loc.wdl/wdl.18397</subfield>
  </datafield>
  <datafield ind1=" " ind2=" " tag="985">
    <subfield code="a">wdl/wdlpartner/wdlbavsb</subfield>
  </datafield>
  <datafield ind1=" " ind2=" " tag="991">
    <subfield code="b">s-Online</subfield>
    <subfield code="h">Electronic Resource</subfield>
  </datafield>
</record>
